Novum Organum
Na minha lista:
| Autor principal: | |
|---|---|
| Formato: | Livro |
| Idioma: | espanhol |
| Publicado em: |
Buenos Aires, Argentina
Losada
2003
|
| Colecção: | Biblioteca de Obras Maestras del Pensamiento
|
| Assuntos: | |
| Tags: |
Adicionar Tag
Sem tags, seja o primeiro a adicionar uma tag!
|
MARC
| LEADER | 00000cam a2200000 a 4500 | ||
|---|---|---|---|
| 001 | UCC8319 | ||
| 003 | CL-VaPUC | ||
| 005 | 20210727210733.0 | ||
| 008 | 190621e20030000ag |||||||||||||||||spa|d | ||
| 999 | |c 374665 |d 374663 | ||
| 020 | |a 9500392194 | ||
| 040 | |c Pontificia Universidad Católica de Valparaíso | ||
| 082 | 0 | 4 | |a 146.44 BAC 2003 |2 21 |
| 100 | 0 | |a Bacon, Francis |e author |9 334502 | |
| 245 | 1 | 0 | |a Novum Organum |
| 260 | |a Buenos Aires, Argentina |b Losada |c 2003 | ||
| 300 | |a 353 páginas | ||
| 440 | |a Biblioteca de Obras Maestras del Pensamiento |n 27 |9 856944 | ||
| 583 | |a last modification |c 20190621 12:31:00 |k Rodrigo Vera | ||
| 650 | 0 | |a Positivismo |9 269460 | |
| 650 | 0 | |a Empirismo |9 255037 | |
| 650 | 0 | |a Escuelas filosóficas |9 266232 | |
| 650 | 0 | |a Cambio social |9 256857 | |
| 650 | 0 | |a Filósofos ingleses |9 345975 | |
| 852 | |a BIBEDU | ||
| 942 | |c BK |2 ddc | ||
| 945 | |d 20190621 12:31:00 |a dcastane | ||
| 952 | |0 0 |1 0 |3 erb |4 0 |6 146_440000000000000_BAC_2003 |7 0 |8 A |9 493325 |a BIBEDU |b BIBEDU |d 2019-06-21 |e 39 |g 54860.00 |i 5553156 |l 4 |m 2 |o 146.44 BAC 2003 |p 5553156 |r 2022-06-14 |s 2022-06-14 |v 54860.00 |w 2019-11-24 |y BK |z Catalogado en:20190621 |k FIL | ||